000 00566nam a22001697a 4500
003 OSt
005 20260408150948.0
008 260408b |||||||| |||| 00| 0 eng d
040 _cMRSPTU
041 _aEnglish
100 _aAnmol Rattan, Supervisor: Dr. Kawaljit Singh Sandhu
245 _aFormulation and Sensory Evaluation of Origanum Majorana Chutney
260 _bDepartment of Food Science & Technology, MRSPTU, Bathinda
_c2022
650 _aFood Science & Technology
856 _uhttp://163.47.215.52:8080/jspui/handle/123456789/496
942 _2ddc
_cTH
_n0
999 _c11404
_d11404